000 00481nam a2200181Ia 4500
008 240830s2014 xx 000 0 und d
041 _aeng
082 _a616.7/GODKAR
100 _aGODKAR P.B
245 _aTEXT BOOK OF MEDICAL LABORATORY TECHNOLOGY - 2
250 _a3RD ED
260 _aMUMBAI
_bBALANI MEDOCAL BOOK
_c2014
300 _a1648p
440 _vII
650 _aPATHOLOGY
906 _aTEXT BOOK OF MEDICAL LABORATORY TECHNOLOGY - 2
999 _c1189036
_d1189036